|
|
|
|
| LEADER |
00000cam a2200000 a 4500 |
| 001 |
42539 |
| 005 |
20230308154504.0 |
| 008 |
977102|1977 ||||||||r|||||||||||spa|| |
| 040 |
|
|
|b spa
|
| 041 |
1 |
|
|a spa
|
| 082 |
0 |
|
|a 738
|
| 110 |
1 |
|
|a CIDAP
|9 5489
|
| 245 |
|
|
|a Arte Popular Ecuatoriano. Cerámica
|c CIDAP
|h imp
|
| 264 |
|
|
|a Cuenca
|b CIDAP
|c 1977
|
| 300 |
|
|
|a 44 páginas:
|c 21.5 cm
|
| 650 |
1 |
0 |
|a Cerámica
|9 2009
|
| 852 |
|
|
|a UC-CDJBV
|c ESTANTERIA CERRADA
|f Donación
|k margarita.gutierrez
|l 1
|m General
|p 19771026
|q 5,00
|t 42539
|b 0
|d CDRC
|e CDRC
|g 738 ESTANTERIA CERRADA
|z 1977-71-02
|
| 942 |
|
|
|c BK
|
| 999 |
|
|
|c 1960
|d 1960
|